Φορτώνει......

Report on trend and progress of Banking in India 1997-98

Λεπτομέρειες βιβλιογραφικής εγγραφής
Κύριος συγγραφέας: RBI
Μορφή: Printed Book
Έκδοση: Reserve Bank Of India: Mumbai 1998
Θέματα:
LEADER 00486nam a2200193 4500
020
082 |a R 030R RBI 
100 |a RBI 
245 |a Report on trend and progress of Banking in India 1997-98  |c RBI 
250
260 |a Reserve Bank Of India: Mumbai  |c 1998 
300 |a 189 p 
490
500
590
650 |a Reports 
942 |c BK 
999 |c 138042  |d 138042 
952 |0 0  |1 0  |4 0  |6 R_030R_RBI  |7 0  |9 151502  |a IMK  |b IMK  |l 0  |o R 030R RBI  |p IMK05048  |r 2019-10-25  |w 2019-10-25  |y BK